| 000 | 00718nam a2200217 a 4500 | ||
|---|---|---|---|
| 001 | BRCA_2582 | ||
| 005 | 20190320203857.0 | ||
| 008 | 271108s1912----enka---###---#000-0#eng-u | ||
| 050 | 4 |
_aND653.R4 _b.M39 1912 |
|
| 100 | 1 |
_aHind, Arthur Mayger _97375 |
|
| 245 | 1 | 0 |
_aRembrandt´s Etchings _ban essay and a catalogue, with some notes on the drawings _cby Arthur Mayger Hind. |
| 260 |
_aLondon _bMethuen _c1912 |
||
| 300 |
_a2 v. _bil. _c25 cm. |
||
| 500 | _aA51 | ||
| 505 | 0 | _aContenido: v.1. The Text. -- v.2. The Illustrations. | |
| 600 | 1 | 4 |
_aRembrandt Harmenszoon van Rijn _d1606-1669 _97376 |
| 650 | 1 | 4 |
_aAguafuertistas holandeses _97377 |
| 650 | 1 | 4 |
_aAguafuertes _vCatálogos _97359 |
| 902 | _aGFM | ||
| 942 |
_2lcc _cB |
||
| 999 |
_c2322 _d2322 |
||